United States Consulate, Surabaya, Indonesia (Record no. 8008)

000 -LEADER
fixed length control field 00348nam a22001457a 4500
003 - CONTROL NUMBER IDENTIFIER
control field OSt
005 - DATE AND TIME OF LATEST TRANSACTION
control field 20200617122259.0
008 - FIXED-LENGTH DATA ELEMENTS--GENERAL INFORMATION
fixed length control field 200617b ||||| |||| 00| 0 eng d
020 ## - INTERNATIONAL STANDARD BOOK NUMBER
International Standard Book Number 9781935935803
082 ## - DEWEY DECIMAL CLASSIFICATION NUMBER
Classification number 720.959
110 ## - MAIN ENTRY--CORPORATE NAME
Corporate name or jurisdiction name as entry element Sorg Architects
245 ## - TITLE STATEMENT
Title United States Consulate, Surabaya, Indonesia
260 ## - PUBLICATION, DISTRIBUTION, ETC. (IMPRINT)
Place of publication, distribution, etc US
Name of publisher, distributor, etc ORO
Date of publication, distribution, etc 2013
942 ## - ADDED ENTRY ELEMENTS (KOHA)
Source of classification or shelving scheme
Holdings
Withdrawn status Lost status Source of classification or shelving scheme Damaged status Koha normalized classification for sorting Not for loan Permanent location Current location Date acquired Full call number Barcode Date last seen Price effective from Koha item type
        720_959000000000000   BMS College of Architecture, Design and Planning BMS College of Architecture, Design and Planning 2020-06-17 720.959 AR-UG1759 2020-06-17 2020-06-17 UG Books
Copyright © 2025, The Librarian, Library and Information Centre, BMSCA D&P, Bengaluru. All Rights Reserved
web counter

Powered by Koha